Culture Générale Française #2 - Statistiques

Statistiques générales
  • Ce quiz a été pris 3 500 fois
  • Le résultat moyen est 7 sur 20
Statistiques - réponses
Question Réponse % Correct
Quelle émission satirique utilise des marionnettes pour se moquer de la politique ? Les Guignols de l'info
80%
Dans quel sport Renaud Lavillenie a-t-il battu le record du monde en 2014 ? Saut à la perche
67%
À quelle coalition politique Léon Blum a-t-il appartenu ? Front populaire
58%
Où peut-on voir le Château des ducs de Bretagne ? Nantes
52%
François Pignon pensait qu'il n'avait pas de prénom, de qui s'agit-il ? Juste Leblanc
50%
Qu'est le monde entier pour Jacques Dutronc ? Un cactus
45%
Que signifie le C dans SNCF ? Chemins de fer
41%
Quel était le principal défaut d'Harpagon ? Avarice
39%
De quoi est accompagné le tournedos lorsqu'il est Rossini ? Foie gras
35%
Quel mot peut aussi bien désigner un meuble qu'un établissement scolaire ? Bahut
33%
Qui a interprété le redoutable Fantomas ? Jean Marais
27%
Où se trouve le plus célèbre pendule de Foucault ? Panthéon
25%
Quelle montagne a fait l'objet de plus de 80 tableaux de Paul Cézanne ? Montagne Sainte-Victoire
24%
Quel était le deuxième mois du calendrier républicain ? Brumaire
23%
Quelle marque proposait une "nouvelle vision de la vie" ? Optic 2000
15%
Dans quel département se trouve la vallée des Merveilles ? Alpes-Maritimes
10%
Où Raymond Devos voulait-il passer ses vacances, bien qu'il n'ait rien à y faire ? Caen
10%
Quel mot change d'orthographe suivant qu'il est de veau ou de chevreuil, dans la dictée de Mérimée ? Cuisseau / Cuissot
9%
Qui a écrit Les Mystères de Paris ? Eugène Sue
9%
Qui était surnommé le "diable boiteux" ? Talleyrand
9%
Aucun quiz correspondant
Distribution des résultats
% des personnes avec chaque résultat
Percentile par nombre de réponses
Votre historique - résultats
Vous n’avez pas pris ce quiz